000 00750nam a2200253Ia 4500
003 OSt
005 20220918191820.0
006 a|||||r|||| 00| 0
007 ta
008 220917b |||||||| |||| 00| 0 eng d
024 _a65,260
037 _cTextual
040 _aARTS
_cARTS
_beng
041 _2eng
_aeng
082 _aR1xN10:g, M6
100 _aMacdonald Graham Ed.
_922991
245 0 _aFact science and morality
_b Essays on A J Ayer's language truth and logic
260 _aNew York
_bBasil Blackwell
_c1986
300 _avi, 314p.
_ccm.
650 _aPHILOSOPHY
700 _a Wright Crispin Ed.
_923698
942 _hR1xN10:g, M6
_cTEXL
_2CC
999 _c191510
_d191510